University Home | Library Home | Institutional Repository

Mining geostatistics / (Record no. 123833)

MARC details
000 -LEADER
fixed length control field 00571cas a2200181 4500
008 - FIXED-LENGTH DATA ELEMENTS--GENERAL INFORMATION
fixed length control field 150210n eng u
020 ## - INTERNATIONAL STANDARD BOOK NUMBER
International Standard Book Number 1930665911
035 ## - SYSTEM CONTROL NUMBER
System control number (Sirsi) a188010
050 ## - LIBRARY OF CONGRESS CALL NUMBER
Classification number TN 260 JOU 2003
100 ## - MAIN ENTRY--PERSONAL NAME
Personal name Journel, A. G.
245 ## - TITLE STATEMENT
Title Mining geostatistics /
Statement of responsibility, etc. A.G. Journel and Ch.J. Huijbregts
250 ## - EDITION STATEMENT
Edition statement
260 ## - PUBLICATION, DISTRIBUTION, ETC.
Place of publication, distribution, etc. Caldwell, N.J. :
Name of publisher, distributor, etc. Blackburn Press,
Date of publication, distribution, etc. 2003.
300 ## - PHYSICAL DESCRIPTION
Extent x, 600 p. :
Other physical details ill.
504 ## - BIBLIOGRAPHY, ETC. NOTE
Bibliography, etc. note Includes bibliographical references and indexes
650 ## - SUBJECT ADDED ENTRY--TOPICAL TERM
Topical term or geographic name entry element Mining geology --Statistical methods
700 ## - ADDED ENTRY--PERSONAL NAME
Personal name Huijbregts, Ch. J.
Holdings
Withdrawn status Lost status Source of classification or shelving scheme Damaged status Not for loan Home library Current library Shelving location Total Checkouts Full call number Barcode Date last seen Copy number Price effective from Koha item type
    Library of Congress Classification     Main Library Main Library On Shelf   MINES TN 260 JOU 2003 0063-2015 08/22/2019 1 08/22/2019 Book
© 2026 - The University of Zambia Library - Koha v25.11